| 000 | 00637nam a22002537a 4500 | ||
|---|---|---|---|
| 003 | OSt | ||
| 005 | 20140320134829.0 | ||
| 008 | 140320b xxu||||| |||| 00| 0 eng d | ||
| 020 | _a0590120069 | ||
| 050 |
_aPZ 7 _b.R59Cau 1999 |
||
| 100 | _aRocklin, Joanne. | ||
| 245 |
_aThe case of the Shrunken Allowance / _cJoanne Rocklin. |
||
| 260 |
_aUSA : _bScholastic Inc., _cc1999. |
||
| 300 |
_a46 p. : _bcol. ill. ; _c23 cm. |
||
| 521 | _aG2 | ||
| 526 | _c320 | ||
| 650 |
_aMoney _xFiction. |
||
| 650 |
_aMeasurement _xFiction. |
||
| 942 |
_2lcc _cBK |
||
| 999 |
_c47542 _d47542 |
||